Statistiques concernant Tous les Pokémon (1G-8G)

Cliquez ici pour prendre le quiz!

Statistiques générales

  • Ce quiz a été pris 308 fois
    (261 depuis la dernière actualisation)
  • Le résultat moyen est 659 sur 996

Statistiques - réponses

N° Pokédex Réponse % Correct
#001Bulbizarre
97%
#002Herbizarre
93%
#025Pikachu
92%
#026Raichu
92%
#003Florizarre
91%
#007Carapuce
91%
#009Tortank
91%
#010Chenipan
91%
#004Salamèche
91%
#019Rattata
89%
#129Magicarpe
89%
#006Dracaufeu
89%
#130Léviator
89%
#013Aspicot
89%
#052Miaouss
89%
#133Evoli
88%
#053Persian
88%
#020Rattatac
88%
#016Roucool
88%
#094Ectoplasma
88%
#012Papilusion
88%
#008Carabaffe
88%
#005Reptincel
88%
#095Onix
88%
#134Aquali
86%
#173Mélo
86%
#172Pichu
86%
#151Mew
86%
#150Mewtwo
86%
#197Noctali
86%
#148Draco
86%
#109Smogo
86%
#018Roucarnage
86%
#017Roucoups
86%
#059Arcanin
85%
#063Abra
85%
#064Kadabra
85%
#135Voltali
85%
#136Pyroli
85%
#147Minidraco
85%
#092Fantominus
85%
#065Alakazam
85%
#038Feunard
85%
#074Racaillou
85%
#155Héricendre
85%
#011Chrysacier
85%
#014Coconfort
85%
#015Dardargnan
85%
#039Rondoudou
85%
#208Steelix
85%
#035Mélofée
85%
#023Abo
85%
#158Kaïminus
85%
#196Mentali
85%
#067Machopeur
84%
#066Machoc
84%
#024Arbok
84%
#122M.Mime
84%
#149Dracolosse
84%
#058Caninos
84%
#031Nidoqueen
84%
#034Nidoking
84%
#036Mélodelfe
84%
#037Goupix
84%
#048Mimitoss
84%
#138Amonita
84%
#255Poussifeu
84%
#116Hypotrempe
82%
#125Elektek
82%
#252Arcko
82%
#077Ponyta
82%
#100Voltorbe
82%
#093Spectrum
82%
#144Artikodin
82%
#110Smogogo
82%
#042Nosferalto
82%
#030Nidorina
82%
#041Nosferapti
82%
#069Chétiflor
82%
#033Nidorino
82%
#049Aéromite
82%
#032Nidoran M
82%
#027Sabelette
82%
#068Mackogneur
82%
#075Gravalanch
82%
#128Tauros
81%
#131Lokhlass
81%
#124Lippoutou
81%
#143Ronflex
81%
#050Taupiqueur
81%
#123Insécateur
81%
#140Kabuto
81%
#120Stari
81%
#141Kabutops
81%
#142Ptéra
81%
#076Grolem
81%
#146Sulfura
81%
#044Ortide
81%
#118Poissirène
81%
#040Grodoudou
81%
#160Aligatueur
81%
#393Tiplouf
81%
#169Nostenfer
81%
#263Zigzaton
81%
#257Braségali
81%
#029Nidoran F
81%
#028Sablaireau
81%
#244Entei
81%
#021Piafabec
81%
#119Poissoroy
81%
#045Rafflesia
81%
#471Givrali
81%
#083Canarticho
81%
#470Phyllali
81%
#106Kicklee
81%
#104Osselait
81%
#078Galopa
81%
#383Groudon
80%
#495Vipélierre
80%
#145Electhor
80%
#096Soporifik
80%
#081Magnéti
80%
#254Jungko
80%
#043Mystherbe
80%
#256Galifeu
80%
#152Germignon
80%
#157Typhlosion
80%
#154Meganium
80%
#258Gobou
80%
#022Rapasdepic
80%
#159Crocrodil
80%
#395Pingoléon
80%
#264Linéon
80%
#113Leveinard
80%
#387Tortipouss
80%
#282Gardevoir
80%
#182Joliflor
80%
#181Pharamp
80%
#382Kyogre
80%
#174Toudoudou
80%
#253Massko
80%
#251Celebi
80%
#121Staross
80%
#107Tygnon
80%
#101Electrode
80%
#126Magmar
80%
#230Hyporoi
80%
#127Scarabrute
80%
#111Rhinocorne
80%
#117Hypocéan
80%
#132Métamorph
80%
#396Etourmi
80%
#248Tyranocif
80%
#102Noeunoeuf
80%
#139Amonistar
80%
#214Scarhino
80%
#311Posipi
78%
#215Farfuret
78%
#312Négapi
78%
#237Kapoera
78%
#280Tarsal
78%
#260Laggron
78%
#239Elekid
78%
#212Cizayox
78%
#259Flobio
78%
#240Magby
78%
#243Raikou
78%
#079Ramoloss
78%
#082Magnéton
78%
#247Ymphect
78%
#249Lugia
78%
#250Ho-Oh
78%
#112Rhinoféros
78%
#236Débugant
78%
#700Nymphali
78%
#137Porygon
78%
#051Triopikeur
78%
#097Hypnomade
78%
#086Otaria
78%
#070Boustiflor
78%
#071Empiflor
78%
#498Gruikui
78%
#153Macronium
78%
#054Psykokwak
78%
#156Feurisson
78%
#055Akwakwak
78%
#398Etouraptor
78%
#105Ossatueur
78%
#390Ouisticram
78%
#167Mimigal
78%
#108Excélangue
78%
#384Rayquaza
78%
#501Moustillon
78%
#397Etourvol
78%
#242Leuphorie
77%
#503Clamiral
77%
#245Suicune
77%
#502Mateloutre
77%
#238Lippouti
77%
#246Embrylex
77%
#519Poichigeon
77%
#484Palkia
77%
#521Déflaisan
77%
#440Ptiravi
77%
#461Dimoret
77%
#496Lianaja
77%
#466Elekable
77%
#467Maganon
77%
#493Arceus
77%
#394Prinplouf
77%
#272Ludicolo
77%
#386Deoxys
77%
#483Dialga
77%
#385Jirachi
77%
#354Branette
77%
#380Latias
77%
#381Latios
77%
#389Torterra
77%
#499Grotichon
77%
#047Parasect
77%
#164Noarfang
77%
#088Tadmorv
77%
#114Saquedeneu
77%
#163Hoothoot
77%
#183Marill
77%
#103Noadkoko
77%
#089Grotadmorv
77%
#201Zarbi
77%
#046Paras
77%
#080Flagadoss
77%
#510Leopardus
76%
#321Wailord
76%
#505Miradar
76%
#462Magnézone
76%
#265Chenipotte
76%
#098Krabby
76%
#330Libégon
76%
#446Goinfrex
76%
#464Rhinastoc
76%
#718Zygarde
76%
#269Papinox
76%
#270Nénupiot
76%
#487Giratina
76%
#475Gallame
76%
#309Dynavolt
76%
#500Roitiflam
76%
#281Kirlia
76%
#184Azumarill
76%
#062Tartard
76%
#497Majaspic
76%
#302Ténéfix
76%
#084Doduo
76%
#087Lamantine
76%
#180Lainergie
76%
#445Carchacrok
76%
#722Brindibou
76%
#179Wattouat
76%
#658Amphinobi
76%
#373Drattak
76%
#725Flamiaou
76%
#099Krabboss
76%
#388Boskara
76%
#392Simiabraz
76%
#168Migalos
76%
#362Oniglali
76%
#716Xerneas
76%
#717Yveltal
76%
#391Chimpenfeu
76%
#200Feuforêve
76%
#233Porygon2
76%
#199Roigada
76%
#361Stalgamin
76%
#443Griknot
74%
#305Galegon
74%
#304Galekid
74%
#379Registeel
74%
#377Regirock
74%
#306Galeking
74%
#363Obalie
74%
#478Momartik
74%
#090Kokiyas
74%
#162Fouinar
74%
#161Fouinette
74%
#320Wailmer
74%
#115Kangourex
74%
#324Chartor
74%
#349Barpau
74%
#412Cheniti
74%
#429Magirêve
74%
#439Mime Jr.
74%
#328Kraknoix
74%
#085Dodrio
74%
#378Regice
74%
#489Phione
74%
#060Ptitard
74%
#222Corayon
74%
#654Roussil
74%
#644Zekrom
74%
#643Reshiram
74%
#791Solgaleo
74%
#792Lunala
74%
#056Férosinge
74%
#515Flotajou
74%
#513Flamajou
74%
#511Feuillajou
74%
#266Armulys
74%
#267Charmillon
74%
#057Colossinge
74%
#520Colombeau
74%
#276Nirondelle
74%
#490Manaphy
74%
#277Hélédelle
74%
#492Shaymin
74%
#491Darkrai
74%
#072Tentacool
74%
#061Tétarte
74%
#185Simularbre
74%
#656Grenousse
73%
#403Lixy
73%
#176Togetic
73%
#345Lilia
73%
#407Roserade
73%
#348Armaldo
73%
#350Milobellus
73%
#405Luxray
73%
#404Luxio
73%
#353Polichombr
73%
#175Togepi
73%
#653Feunnec
73%
#229Démolosse
73%
#372Drackhaus
73%
#646Kyurem
73%
#417Pachirisu
73%
#217Ursaring
73%
#364Phogleur
73%
#371Draby
73%
#365Kaimorse
73%
#414Papilord
73%
#533Ouvrifier
73%
#203Girafarig
73%
#268Blindalys
73%
#465Bouldeneu
73%
#509Chacripan
73%
#073Tentacruel
73%
#514Flamoutan
73%
#438Manzaï
73%
#271Lombre
73%
#504Ratentif
73%
#273Grainipiot
73%
#459Blizzi
73%
#315Rosélia
73%
#516Flotoutan
73%
#473Mammochon
73%
#474Porygon-Z
73%
#444Carmache
73%
#486Regigigas
73%
#198Cornèbre
73%
#091Crustabri
73%
#721Volcanion
72%
#655Goupelin
72%
#468Togekiss
72%
#650Marisson
72%
#477Noctunoir
72%
#485Heatran
72%
#642Fulguris
72%
#634Diamat
72%
#481Créfollet
72%
#480Créhelf
72%
#460Blizzaroi
72%
#221Cochignon
72%
#479Motisma
72%
#458Babimanta
72%
#862Ixon
72%
#494Victini
72%
#406Rozbouton
72%
#413Cheniselle
72%
#532Charpenti
72%
#482Créfadet
72%
#220Marcacrin
72%
#275Tengalice
72%
#227Airmure
72%
#186Tarpaud
72%
#340Barbicha
72%
#338Solaroc
72%
#298Azurill
72%
#336Séviper
72%
#216Teddiursa
72%
#308Charmina
72%
#356Téraclope
72%
#228Malosse
72%
#346Vacilys
72%
#310Elecsprint
72%
#226Démanta
72%
#376Métalosse
72%
#374Terhal
72%
#448Lucario
70%
#339Barloche
70%
#562Tutafeh
70%
#555Darumacho
70%
#337Séléroc
70%
#535Tritonde
70%
#534Bétochef
70%
#223Rémoraid
70%
#512Feuiloutan
70%
#663Flambusard
70%
#261Medhyèna
70%
#262Grahyèna
70%
#375Métang
70%
#506Ponchiot
70%
#472Scorvol
70%
#274Pifeuil
70%
#329Vibraninf
70%
#207Scorplane
70%
#633Solochi
70%
#303Mysdibule
70%
#165Coxy
70%
#728Otaquin
70%
#307Méditikka
70%
#334Altaria
70%
#651Boguérisse
70%
#355Skélénox
70%
#166Coxyclaque
70%
#347Anorith
70%
#727Félinferno
70%
#488Cresselia
70%
#211Qwilfish
70%
#241Ecrémeuh
70%
#410Dinoclier
70%
#411Bastiodon
70%
#641Boréas
70%
#469Yanméga
70%
#297Hariyama
69%
#296Makuhita
69%
#319Sharpedo
69%
#587Emolga
69%
#278Goélise
69%
#652Blindépique
69%
#224Octillery
69%
#723Efflèche
69%
#724Archéduc
69%
#730Oratoria
69%
#661Passerouge
69%
#657Croaporal
69%
#645Démétéros
69%
#507Ponchien
69%
#637Pyrax
69%
#815Pyrobut
69%
#554Darumarond
69%
#177Natu
69%
#194Axoloto
69%
#193Yanma
69%
#463Coudlangue
69%
#178Xatu
69%
#416Apireine
69%
#408Kranidos
69%
#430Corboss
69%
#427Laporeille
69%
#428Lockpin
69%
#409Charkos
69%
#366Coquiperl
69%
#370Lovdisc
68%
#638Cobaltium
68%
#399Keunotor
68%
#543Venipatte
68%
#640Viridium
68%
#279Békipan
68%
#400Castorno
68%
#291Ninjask
68%
#813Flambino
68%
#369Relicanth
68%
#635Trioxhydre
68%
#368Rosabyss
68%
#415Apitrini
68%
#726Matoufeu
68%
#191Tournegrin
68%
#192Héliatronc
68%
#517Munna
68%
#367Serpang
68%
#563Tutankafer
68%
#195Maraiste
68%
#648Meloetta
68%
#599Tic
68%
#544Scobolide
68%
#536Batracné
68%
#537Crapustule
68%
#292Munja
68%
#542Manternel
68%
#294Ramboum
68%
#447Riolu
68%
#603Lampéroie
68%
#715Bruyverne
68%
#323Camérupt
68%
#322Chamallot
68%
#604Ohmassacre
68%
#318Carvanha
68%
#720Hoopa
68%
#664Lépidonille
68%
#476Tarinorme
68%
#719Diancie
68%
#335Mangriff
68%
#052 (Alola)Miaouss d'Alola
68%
#823Corvaillus
68%
#299Tarinor
68%
#295Brouhabam
68%
#333Tylton
66%
#807Zeraora
66%
#612Tranchodon
66%
#527Chovsourir
66%
#528Rhinolove
66%
#053 (Alola)Persian d'Alola
66%
#545Brutapode
66%
#453Cradopaud
66%
#202Qulbutoke
66%
#649Genesect
66%
#800Necrozma
66%
#636Pyronille
66%
#596Mygavolt
66%
#538Judokrak
66%
#539Karaclée
66%
#540Larveyette
66%
#541Couverdure
66%
#777Togedemaru
66%
#810Ouistempo
66%
#218Limagma
66%
#610Coupenotte
66%
#433Korillon
66%
#432Chaffreux
66%
#812Gorythmic
66%
#301Delcatty
66%
#508Mastouffe
66%
#618Limonde
66%
#003 (Méga)Méga-Florizarre
66%
#816Larméléon
66%
#666Prismillon
66%
#300Skitty
66%
#190Capumain
66%
#293Chuchmur
66%
#662Braisillon
66%
#570Zorua
66%
#639Terrakium
66%
#358Eoko
65%
#626Frison
65%
#454Coatox
65%
#729Otarlette
65%
#680Dimoclès
65%
#341Ecrapince
65%
#009 (Méga)Méga-Tortank
65%
#575Mesmérella
65%
#576Sidérella
65%
#577Nucléos
65%
#360Okéoké
65%
#582Sorbébé
65%
#611Incisache
65%
#602Anchwatt
65%
#574Scrutella
65%
#647Keldeo
65%
#342Colhomard
65%
#188Floravol
65%
#171Lanturn
65%
#684Sucroquin
65%
#170Loupio
65%
#714Sonistrelle
65%
#442Spiritomb
65%
#437Archéodong
65%
#436Archéomire
65%
#290Ningale
65%
#660Excavarenne
65%
#219Volcaropod
65%
#431Chaglam
65%
#284Maskadra
65%
#189Cotovol
65%
#401Crikzik
65%
#402Mélokrik
65%
#210Granbull
65%
#865Palarticho
65%
#006 (Méga)Méga-Dracaufeu Y
65%
#422Sancoki
65%
#019 (Alola)Rattata d'Alola
65%
#518Mushana
65%
#707Trousselin
65%
#794Mouscoto
64%
#738Lucanon
64%
#601Cliticlic
64%
#757Tritox
64%
#737Chrysapile
64%
#669Flabébé
64%
#788Tokopisco
64%
#785Tokorico
64%
#665Pérégrain
64%
#613Polarhume
64%
#614Polagriffe
64%
#615Hexagel
64%
#351Morphéo
64%
#628Guériaigle
64%
#659Sapereau
64%
#234Cerfrousse
64%
#600Clic
64%
#681Exagide
64%
#529Rototaupe
64%
#187Granivol
64%
#434Moufouette
64%
#424Capidextre
64%
#418Mustebouée
64%
#283Arakdo
64%
#864Corayôme
64%
#530Minotaupe
64%
#704Mucuscule
64%
#225Cadoizo
64%
#571Zoroark
64%
#419Musteflott
64%
#006 (Méga)Méga-Dracaufeu X
64%
#522Zébibron
64%
#524Nodulithe
64%
#583Sorboul
64%
#584Sorbouboul
64%
#451Rapion
64%
#797Bamboiselle
64%
#421Cériflor
64%
#331Cacnéa
64%
#332Cacturne
64%
#588Carabing
64%
#423Tritosor
64%
#526Gigalithe
64%
#798Katagami
64%
#595Statitik
64%
#523Zéblitz
62%
#020 (Alola)Rattatac d'Alola
62%
#235Queulorior
62%
#567Aéroptéryx
62%
#232Donphan
62%
#231Phanpy
62%
#435Moufflair
62%
#285Balignon
62%
#287Parecool
62%
#449Hippopotas
62%
#450Hippodocus
62%
#317Avaltout
62%
#778Mimiqui
62%
#670Floette
62%
#671Florges
62%
#452Drascore
62%
#745Lougaroc
62%
#037 (Alola)Goupix d'Alola
62%
#286Chapignon
62%
#889Zamazenta
62%
#685Cupcanaille
62%
#566Arkéapti
62%
#799Engloutyran
62%
#698Amagara
62%
#793Zéroïd
62%
#607Funécire
62%
#206Insolourdo
62%
#455Vortente
62%
#359Absol
62%
#581Lakmécygne
62%
#579Symbios
62%
#617Limaspeed
62%
#578Méios
62%
#531Nanméouïe
62%
#209Snubbull
62%
#789Cosmog
62%
#420Céribou
62%
#787Tokotoro
62%
#821Minisange
62%
#888Zacian
62%
#629Vostourno
62%
#630Vaututrice
62%
#702Dédenne
62%
#690Venalgue
62%
#706Muplodocus
61%
#736Larvibule
61%
#682Fluvetin
61%
#691Kravarech
61%
#683Cocotine
61%
#696Ptyranidur
61%
#703Strassie
61%
#695Iguolta
61%
#731Picassaut
61%
#697Rexillius
61%
#586Haydaim
61%
#679Monorpale
61%
#051 (Alola)Triopikeur d'Alola
61%
#564Carapagos
61%
#863Berserkatt
61%
#556Maracachi
61%
#866M.Glaquette
61%
#548Chlorobule
61%
#546Doudouvet
61%
#050 (Alola)Taupiqueur d'Alola
61%
#758Malamandre
61%
#288Vigoroth
61%
#289Monaflèmit
61%
#038 (Alola)Feunard d'Alola
61%
#316Gloupti
61%
#105 (Alola)Ossatueur d'Alola
61%
#327Spinda
61%
#818Lézargus
61%
#580Couaneton
61%
#585Vivaldaim
61%
#796Cablifêre
61%
#609Lugulabre
61%
#616Escargaume
61%
#790Cosmovum
61%
#625Scalproie
61%
#627Furaiglon
61%
#631Aflamanoir
61%
#786Tokopiyon
61%
#589Lançargot
61%
#343Balbuto
61%
#213Caratroc
61%
#776Boumata
59%
#027 (Alola)Sabelette d'Alola
59%
#766Quartermac
59%
#733Bazoucan
59%
#263 (Galar)Zigzaton de Galar
59%
#103 (Alola)Noadkoko d'Alola
59%
#734Manglouton
59%
#890Ethernatos
59%
#608Mélancolux
59%
#713Séracrawl
59%
#525Géolithe
59%
#352Kecleon
59%
#565Megapagos
59%
#561Cryptéro
59%
#313Muciole
59%
#314Lumivole
59%
#712Grelaçon
59%
#547Farfaduvet
59%
#624Scalpion
59%
#694Galvaran
59%
#705Colimucus
59%
#709Desséliande
59%
#699Dragmara
59%
#708Brocélôme
59%
#569Miasmax
59%
#621Drakkarmin
58%
#782Bébécaille
58%
#598Noacier
58%
#811Badabouin
58%
#632Fermite
58%
#597Grindur
58%
#594Mamanbo
58%
#593Moyade
58%
#805Ama-Ama
58%
#784Ekaïser
58%
#780Draïeul
58%
#668Némélios
58%
#094 (Méga)Méga-Ectoplasma
58%
#814Lapyro
58%
#568Miamiasme
58%
#822Bleuseille
58%
#767Sovkipou
58%
#205Foretress
58%
#204Pomdepik
58%
#264 (Galar)Linéon de Galar
58%
#344Kaorine
58%
#088 (Alola)Tadmorv d'Alola
58%
#550Bargantua
58%
#549Fragilady
58%
#026 (Alola)Raichu d'Alola
58%
#457Luminéon
58%
#456Ecayon
58%
#382 (Primo)Primo-Kyogre
58%
#357Tropius
58%
#711Banshitrouye
58%
#383 (Primo)Primo-Groudon
58%
#693Gamblast
58%
#701Brutalibré
58%
#803Vémini
57%
#605Lewsor
57%
#795Cancrelove
57%
#592Viskuse
57%
#802Marshadow
57%
#765Gouroutan
57%
#083 (Galar)Canarticho de Galar
57%
#623Golemastoc
57%
#052 (Galar)Miaouss de Galar
57%
#559Baggiguane
57%
#553Crocorible
57%
#552Escroco
57%
#735Argouste
57%
#254 (Méga)Méga-Jungko
57%
#551Mascaïman
57%
#606Neitram
57%
#667Hélionceau
57%
#710Pitrouille
57%
#425Baudrive
57%
#763Sucreine
57%
#384 (Méga)Méga-Rayquaza
57%
#325Spoink
57%
#426Grodrive
57%
#441Pijako
57%
#028 (Alola)Sablaireau d'Alola
57%
#744Rocabot
57%
#761Croquine
57%
#260 (Méga)Méga-Laggron
55%
#676Couafarel
55%
#257 (Méga)Méga-Braségali
55%
#006 (GigamaxDracaufeu Gigamax
55%
#817Arrozard
55%
#759Nounourson
55%
#747Vorastérie
55%
#089 (Alola)Grotadmorv d'Alola
55%
#688Opermine
55%
#622Gringolem
55%
#732Piclairon
55%
#557Crabicoque
55%
#783Ecaïd
55%
#887Lanssorien
55%
#326Groret
55%
#692Flingouste
55%
#110 (Galar)Smogogo de Galar
55%
#762Candine
55%
#752Tarenbulle
55%
#754Floramantis
55%
#673Chevroum
55%
#150 (Méga)Méga-Mewtwo X
54%
#558Crabaraque
54%
#867Tutétékri
54%
#222 (Galar)Corayon de Galar
54%
#150 (Méga)Méga-Mewtwo Y
54%
#741Plumeline
54%
#760Chelours
54%
#749Tiboudet
54%
#076 (Alola)Grolem d'Alola
54%
#591Gaulet
54%
#074 (Alola)Racaillou d'Alola
54%
#751Araqua
54%
#748Prédastérie
54%
#801Magearna
54%
#753Mimantis
54%
#771Concombaffe
54%
#868Crèmy
53%
#555 (Galar)Darumacho de Galar
53%
#554 (Galar)Darumarond de Galar
53%
#025 (Gigamax)Pikachu Gigamax
53%
#739Crabagarre
53%
#885Fantyrm
53%
#078 (Galar)Galopa de Galar
53%
#861Angoliath
53%
#075 (Alola)Gravalanch d'Alola
53%
#882Hydragon
53%
#590Trompignon
53%
#806Pierroteknik
53%
#746Froussardine
53%
#808Meltan
53%
#750Bourrinos
53%
#015 (Méga)Méga-Dardargnan
53%
#756Lampignon
53%
#804Mandrillon
53%
#065 (Méga)Méga-Alakazam
53%
#672Cabriolaine
53%
#130 (Méga)Méga-Léviator
53%
#825Coléodôme
53%
#834Torgamord
53%
#674Pandespiègle
53%
#781Sinistrail
53%
#779Denticrisse
53%
#572Chinchidou
51%
#884Duralugon
51%
#873Beldeneige
51%
#875Bekaglaçon
51%
#883Hydragla
51%
#560Baggaïd
51%
#740Crabominable
51%
#689Golgopathe
51%
#831Moumouton
51%
#077 (Galar)Ponyta de Galar
51%
#832Moumouflon
51%
#122 (Galar)M.Mime de Galar
51%
#018 (Méga)Méga-Roucarnage
51%
#302 (Méga)Méga-Ténéfix
51%
#768Sarmuraï
51%
#675Pandarbare
51%
#620Shaofouine
50%
#619Kungfouine
50%
#886Dispareptil
50%
#755Spododo
50%
#772Type:0
50%
#872Frissonille
50%
#881Galvagla
50%
#208 (Méga)Méga-Steelix
50%
#562 (Galar)Tutafeh de Galar
50%
#849Salarsen
50%
#742Bombydou
50%
#830Blancoton
50%
#880Galvagon
50%
#829Tournicoton
50%
#826Astronelle
50%
#824Larvadar
50%
#869Charmilly
50%
#678Mistigrix
50%
#573Pashmilla
50%
#181 (Méga)Méga-Pharamp
50%
#214 (Méga)Méga-Scarhino
49%
#133 (Gigamax)Evoli Gigamax
49%
#012 (Gigamax)Papilusion Gigamax
49%
#303 (Méga)Méga-Mysdibule
49%
#362 (Méga)Méga-Oniglali
49%
#618 (Galar)Limonde de Galar
49%
#858Sorcilence
49%
#851Scolocendre
49%
#877Morpeko
49%
#809Melmetal
49%
#819Rongourmand
49%
#838Wagomine
49%
#306 (Méga)Méga-Galeking
47%
#773Silvallié
47%
#282 (Méga)Méga-Gardevoir
47%
#820Rongrigou
47%
#770Trépassable
47%
#833Khélocrok
47%
#837Charbi
47%
#448 (Méga)Méga-Lucario
47%
#769Bacabouh
47%
#764Guérilande
47%
#839Monthracite
47%
#859Grimalin
47%
#677Psystigri
47%
#743Rubombelle
47%
#143 (Gigamax)Ronflex Gigamax
47%
#827Goupilou
46%
#828Roublenard
46%
#094 (Gigamax)Ectoplasma Gigamax
46%
#428 (Méga)Méga-Lockpin
46%
#127 (Méga)Méga-Scarabrute
46%
#687Sepiatroce
46%
#850Grillepattes
46%
#774Météno
46%
#376 (Méga)Méga-Métalosse
46%
#686Sepiatop
46%
#308 (Méga)Méga-Charmina
46%
#373 (Méga)Méga-Drattak
46%
#531 (Méga)Méga-Nanméouïe
46%
#445 (Méga)Méga-Carchacrok
46%
#380 (Méga)Méga-Latias
45%
#860Fourbelin
45%
#381 (Méga)Méga-Latios
45%
#229 (Méga)Méga-Démolosse
45%
#835Voltoutou
45%
#475 (Méga)Méga-Gallame
45%
#840Verpom
45%
#844Dunaconda
45%
#848Toxizap
43%
#836Fulgudog
43%
#856Bibichut
43%
#131 (Gigamax)Lokhlass Gigamax
43%
#115 (Méga)Méga-Kangourex
43%
#874Dolman
43%
#354 (Méga)Méga-Branette
43%
#842Dratatin
43%
#334 (Méga)Méga-Altaria
43%
#068 (Gigamax)Mackogneur Gigamax
42%
#359 (Méga)Méga-Absol
42%
#879Pachyradjah
42%
#323 (Méga)Méga-Camérupt
42%
#841Pomdrapi
42%
#857Chapotus
42%
#854Théffroi
42%
#843Dunaja
42%
#855Polthégeist
42%
#212 (Méga)Méga-Cizayox
42%
#052 (Gigamax)Miaouss Gigamax
41%
#876Wimessir
41%
#248 (Méga)Méga-Tyranocif
41%
#871Wattapik
41%
#775Dodoala
41%
#845Nigosier
41%
#719 (Méga)Méga-Diancie
41%
#142 (Méga)Méga-Ptéra
39%
#099 (Gigamax)Krabboss Gigamax
39%
#310 (Méga)Méga-Elecsprint
39%
#319 (Méga)Méga-Sharpedo
39%
#878Charibari
39%
#870Hexadron
38%
#852Poulpaf
38%
#080 (Méga)Méga-Flagadoss
38%
#853Krakos
36%
#846Embrochet
36%
#569 (Gigamax)Miasmax Gigamax
36%
#847Hastacuda
35%
#823 (Gigamax)Corvaillus Gigamax
35%
#460 (Méga)Méga-Blizzaroi
34%
#834 (Gigamax)Torgamord Gigamax
34%
#861 (Gigamax)Angoliath Gigamax
32%
#858 (Gigamax)Sorcilence Gigamax
31%
#839 (Gigamax)Monthracite Gigamax
31%
#890 (Gigamax)Ethernatos Infinimax
31%
#826 (Gigamax)Astronelle Gigamax
31%
#844 (Gigamax)Dunaconda Gigamax
30%
#869 (Gigamax)Charmilly Gigamax
30%
#884 (Gigamax)Duralugon Gigamax
30%
#851 (Gigamax)Scolocendre Gigamax
28%
#879 (Gigamax)Pachyradjah Gigamax
26%
#842 (Gigamax)Dratatin Gigamax
24%
#841 (Gigamax)Pomdrapi Gigamax
24%

Distribution des résultats

Percentile par nombre de réponses

% des personnes avec chaque résultat

Votre développement - résultats

Vous n’avez pas pris ce quiz depuis la dernière actualisation